[Event "Hampshire Open"]
[Site "Fareham"]
[Date "2023.11.03"]
[Round "1.1"]
[White "Cave, Iwan"]
[Black "Coburn, Joseph A"]
[Result "1-0"]
[WhiteElo "2212"]
[BlackElo "1859"]
[PlyCount "95"]
[EventDate "2023.11.03"]
[EventType "swiss"]
[EventRounds "6"]
[EventCountry "ENG"]
[SourceTitle "BritBase"]
[Source "John Saunders"]
[SourceDate "2025.02.10"]
[SourceVersion "1"]
[SourceVersionDate "2025.02.10"]
[SourceQuality "1"]

1. Nf3 Nf6 2. d4 d6 3. c4 g6 4. Nc3 Bg7 5. e4 O-O 6. Be2 c6 7. h3 Nbd7 8. Be3 e5 9. O-O Re8 10. Qc2 a6 11. a4 Qe7 12. d5 c5 13. Nd2 h5 14. a5 Kh7 15. Nf3 Bh6 16. Bxh6 Kxh6 17. Qd2+ Kg7 18. Bd1 Rh8 19. Bc2 Nf8 20. Qg5 N8h7 21. Qh4 Ng8 22. Qg3 Qf6 23. Ne2 Ne7 24. Ra3 g5 25. h4 Bg4 26. Nxg5 Nxg5 27. hxg5 Qxg5 28. f3 Rag8 29. fxg4 hxg4 30. Rb3 Rh6 31. Rxb7 Rgh8 32. Kf2 Rf6+ 33. Ke1 Rxf1+ 34. Kxf1 Rh1+ 35. Kf2 Ng6 36. Ba4 Nf4 37. Nxf4 exf4 38. Qc3+ Kg6 39. Rb8 Qh4+ 40. Ke2 f3+ 41. gxf3 Qh2+ 42. Kd3 f6 43. Rf8 Qh4 44. Be8+ Kg7 45. Rf7+ Kg8 46. Qxf6 Rd1+ 47. Kc2 Rc1+ 48. Kb3 1-0

[Event "Hampshire Open"]
[Site "Fareham"]
[Date "2023.11.03"]
[Round "1.2"]
[White "Clancy, Martin J"]
[Black "Pye, David E"]
[Result "0-1"]
[WhiteElo "1809"]
[BlackElo "2141"]
[PlyCount "80"]
[EventDate "2023.11.03"]
[EventType "swiss"]
[EventRounds "6"]
[EventCountry "ENG"]
[SourceTitle "BritBase"]
[Source "John Saunders"]
[SourceDate "2025.02.10"]
[SourceVersion "1"]
[SourceVersionDate "2025.02.10"]
[SourceQuality "1"]

1. e4 e6 2. d4 d5 3. Nd2 Nf6 4. e5 Ng8 5. c3 Ne7 6. Bd3 a5 7. Ne2 b6 8. O-O Ba6 9. Bxa6 Nxa6 10. Ng3 g6 11. Re1 Bg7 12. Nf3 h6 13. Qa4+ Qd7 14. Qc2 c5 15. b3 Rc8 16. Qe2 Nb8 17. Ba3 O-O 18. Rad1 c4 19. Qb2 cxb3 20. Qxb3 Rc6 21. Ne2 Rfc8 22. Bd6 Nf5 23. Bxb8 Rxb8 24. Qb5 Qc7 25. Rb1 Bf8 26. Rb3 Ne7 27. Reb1 Nc8 28. Nd2 Na7 29. Qd3 b5 30. h4 a4 31. R3b2 Ba3 32. Rxb5 Nxb5 33. Rxb5 Be7 34. Rxb8+ Qxb8 35. Nf4 Bf8 36. h5 g5 37. Qg3 Qb2 38. Nf1 Bg7 39. Nh3 Qxc3 40. Ne3 Qxd4 0-1

[Event "Hampshire Open"]
[Site "Fareham"]
[Date "2023.11.03"]
[Round "1.3"]
[White "Walker, Max"]
[Black "Karasevics, Aleksandrs"]
[Result "1/2-1/2"]
[WhiteElo "2087"]
[BlackElo "1798"]
[PlyCount "85"]
[EventDate "2023.11.03"]
[EventType "swiss"]
[EventRounds "6"]
[EventCountry "ENG"]
[SourceTitle "BritBase"]
[Source "John Saunders"]
[SourceDate "2025.02.10"]
[SourceVersion "1"]
[SourceVersionDate "2025.02.10"]
[SourceQuality "1"]

1. e4 c6 2. d4 d5 3. Nc3 dxe4 4. Nxe4 Nf6 5. Nxf6+ exf6 6. c3 Bd6 7. Bd3 O-O 8. Ne2 Re8 9. O-O Nd7 10. Qc2 Nf8 11. Be3 Ng6 12. c4 Be6 13. Rad1 Rc8 14. Rfe1 Bb8 15. Bxg6 hxg6 16. Bf4 Bf5 17. Qd2 Bxf4 18. Nxf4 Rxe1+ 19. Rxe1 g5 20. Ne2 b5 21. b3 bxc4 22. bxc4 Rb8 23. Ng3 Bg6 24. d5 cxd5 25. cxd5 Qd6 26. Qd4 Rd8 27. Rd1 Qa6 28. Qb2 Bd3 29. Qd4 Bc2 30. Rd2 Qxa2 31. d6 Qa4 32. Qc5 Bg6 33. h3 Qd7 34. Rd1 Rc8 35. Qb4 Kh7 36. h4 a6 37. h5 Bc2 38. Rd2 Kh8 39. Qb2 Bh7 40. h6 Bg6 41. hxg7+ Kxg7 42. Qa3 Qe6 43. Rd1 {... x moves (illegible)} 1/2-1/2

[Event "Hampshire Open"]
[Site "Fareham"]
[Date "2023.11.03"]
[Round "1.4"]
[White "Pradhan, Ayan"]
[Black "Hasson, Peter"]
[Result "0-1"]
[WhiteElo "1741"]
[BlackElo "2077"]
[PlyCount "62"]
[EventDate "2023.11.03"]
[EventType "swiss"]
[EventRounds "6"]
[EventCountry "ENG"]
[SourceTitle "BritBase"]
[Source "John Saunders"]
[SourceDate "2025.02.10"]
[SourceVersion "1"]
[SourceVersionDate "2025.02.10"]
[SourceQuality "1"]

1. e4 d6 2. d4 Nf6 3. Nc3 g6 4. Be3 c6 5. Qd2 b5 6. Bd3 Nbd7 7. d5 cxd5 8. Nxd5 Nxd5 9. exd5 Bg7 10. c3 a6 11. Nf3 Nf6 12. Bc2 Bb7 13. Bd4 O-O 14. Bxf6 Bxf6 15. O-O Rc8 16. Bb3 Rc5 17. Rad1 a5 18. a3 Qd7 19. Qf4 Qf5 20. Qxf5 gxf5 21. Ne1 Ba6 22. Nd3 Rc7 23. Rfe1 Rb8 24. Nf4 b4 25. axb4 axb4 26. Ra1 bxc3 27. Rxa6 cxb2 28. Rc6 Rxc6 29. dxc6 Rxb3 30. c7 Rc3 31. Nd3 Rxc7 0-1

[Event "Hampshire Open"]
[Site "Fareham"]
[Date "2023.11.03"]
[Round "1.5"]
[White "Bird, Tom"]
[Black "Hordnes, Niclas"]
[Result "1-0"]
[WhiteElo "2026"]
[BlackElo "1777"]
[PlyCount "63"]
[EventDate "2023.11.03"]
[EventType "swiss"]
[EventRounds "6"]
[EventCountry "ENG"]
[SourceTitle "BritBase"]
[Source "John Saunders"]
[SourceDate "2025.02.10"]
[SourceVersion "1"]
[SourceVersionDate "2025.02.10"]
[SourceQuality "1"]

1. Nf3 Nc6 2. d4 d5 3. g3 Bf5 4. Bg2 e6 5. O-O Nf6 6. c4 Be7 7. Nc3 O-O 8. Nh4 Be4 9. f3 Bg6 10. cxd5 Nxd5 11. Nxg6 hxg6 12. e4 Nf6 13. Be3 Nb8 14. f4 c6 15. g4 Nbd7 16. e5 Nd5 17. Nxd5 cxd5 18. g5 Qb6 19. b3 Rac8 20. Rf3 f5 21. gxf6 gxf6 22. Rg3 Kf7 23. f5 exf5 24. Bxd5+ Ke8 25. e6 Nb8 26. Rxg6 Rh8 27. Qf3 Bd6 28. Rg7 Qc7 29. Qxf5 Bxh2+ 30. Kf1 Bd6 31. Qg6+ Kd8 32. Qxf6+ 1-0

[Event "Hampshire Open"]
[Site "Fareham"]
[Date "2023.11.03"]
[Round "1.6"]
[White "Moore, John"]
[Black "Anderson, Thomas R"]
[Result "1/2-1/2"]
[WhiteElo "1639"]
[BlackElo "1894"]
[PlyCount "50"]
[EventDate "2023.11.03"]
[EventType "swiss"]
[EventRounds "6"]
[EventCountry "ENG"]
[SourceTitle "BritBase"]
[Source "John Saunders"]
[SourceDate "2025.02.10"]
[SourceVersion "1"]
[SourceVersionDate "2025.02.10"]
[SourceQuality "1"]

1. e4 d6 2. d4 Nf6 3. Nc3 e5 4. dxe5 dxe5 5. Qxd8+ Kxd8 6. Nf3 Bd6 7. Ng5 Ke7 8. Bc4 Rf8 9. Nd5+ Nxd5 10. Bxd5 h6 11. Nf3 Nd7 12. O-O Nb6 13. b3 c6 14. Bc4 Nxc4 15. bxc4 f6 16. Nh4 Kf7 17. Nf5 Bxf5 18. exf5 Bc5 19. Rd1 Rfd8 20. Be3 Bxe3 21. fxe3 Ke7 22. Kf2 b6 23. Ke2 Rxd1 24. Rxd1 Rd8 25. Rd3 Rd7 1/2-1/2

[Event "Hampshire Open"]
[Site "Fareham"]
[Date "2023.11.03"]
[Round "1.7"]
[White "Schell, Finn"]
[Black "Kirk, Matthew"]
[Result "1-0"]
[WhiteElo "1916"]
[BlackElo "1752"]
[PlyCount "101"]
[EventDate "2023.11.03"]
[EventType "swiss"]
[EventRounds "6"]
[EventCountry "ENG"]
[SourceTitle "BritBase"]
[Source "John Saunders"]
[SourceDate "2025.02.10"]
[SourceVersion "1"]
[SourceVersionDate "2025.02.10"]
[SourceQuality "1"]

1. e4 c6 2. d4 d5 3. exd5 cxd5 4. Bd3 Nc6 5. c3 Nf6 6. h3 h6 7. Bf4 e6 8. Nf3 Bd6 9. Bxd6 Qxd6 10. O-O O-O 11. Re1 b6 12. Nbd2 Bb7 13. Ne5 Nd7 14. f4 Ndxe5 15. fxe5 Qe7 16. Qg4 f5 17. exf6 Rxf6 18. Nf3 Raf8 19. Ne5 h5 20. Qxh5 Rh6 21. Qe2 Nxe5 22. Qxe5 Qh4 23. Rf1 Rhf6 24. Rxf6 Qxf6 25. Qh5 Qh6 26. Qxh6 gxh6 27. Rf1 Rxf1+ 28. Kxf1 Kf7 29. Kf2 Kf6 30. g4 e5 31. Kg3 e4 32. Be2 Bc6 33. c4 h5 34. Kf4 hxg4 35. hxg4 Ke6 36. b3 a5 37. Ke3 Kf6 38. cxd5 Bxd5 39. Kf4 a4 40. Bc4 Bc6 41. bxa4 Bxa4 42. Kxe4 Kg5 43. Be6 Kf6 44. d5 Bc2+ 45. Kf4 Bb1 46. a3 Ba2 47. g5+ Ke7 48. Ke5 Bb1 49. d6+ Kd8 50. Kf6 b5 51. g6 1-0

[Event "Hampshire Open"]
[Site "Fareham"]
[Date "2023.11.03"]
[Round "1.8"]
[White "Crosswell, Neil"]
[Black "Cordner, David A"]
[Result "0-1"]
[WhiteElo "1752"]
[BlackElo "1949"]
[PlyCount "66"]
[EventDate "2023.11.03"]
[EventType "swiss"]
[EventRounds "6"]
[EventCountry "ENG"]
[SourceTitle "BritBase"]
[Source "John Saunders"]
[SourceDate "2025.02.10"]
[SourceVersion "1"]
[SourceVersionDate "2025.02.10"]
[SourceQuality "1"]

1. d4 Nf6 2. c4 e6 3. Nf3 Bb4+ 4. Bd2 Qe7 5. Nc3 b6 6. e3 Bb7 7. Be2 Bxc3 8. Bxc3 Ne4 9. Qc2 d6 10. O-O Nd7 11. Nd2 Nxc3 12. Qxc3 O-O 13. Bf3 Bxf3 14. Nxf3 f5 15. b4 c5 16. bxc5 dxc5 17. Rfe1 Nf6 18. Rad1 Rad8 19. a4 Ne4 20. Qa3 Qd6 21. g3 cxd4 22. Qxd6 Rxd6 23. Rxd4 Rfd8 24. Ra1 a5 25. Kf1 g5 26. Rxd6 Rxd6 27. Ke1 g4 28. Nd4 Kf7 29. Ke2 e5 30. Nb3 Rh6 31. c5 bxc5 32. Nxa5 Rxh2 33. Rf1 Nxg3+ 0-1

[Event "Hampshire Open"]
[Site "Fareham"]
[Date "2023.11.03"]
[Round "1.9"]
[White "Deacon, Matthew"]
[Black "Melling, Hugo"]
[Result "1-0"]
[WhiteElo "1893"]
[BlackElo "1717"]
[PlyCount "129"]
[EventDate "2023.11.03"]
[EventType "swiss"]
[EventRounds "6"]
[EventCountry "ENG"]
[SourceTitle "BritBase"]
[Source "John Saunders"]
[SourceDate "2025.02.10"]
[SourceVersion "1"]
[SourceVersionDate "2025.02.10"]
[SourceQuality "1"]

1. d4 d5 2. c4 e6 3. Nc3 Nf6 4. cxd5 exd5 5. Bg5 Bb4 6. e3 O-O 7. Bd3 Be6 8. Nge2 Nbd7 9. O-O h6 10. Bh4 c5 11. a3 Ba5 12. Na4 cxd4 13. Nxd4 Bg4 14. f3 Bh5 15. g4 Bg6 16. Bxg6 fxg6 17. Ne6 Qe7 18. Nxf8 Rxf8 19. b4 Bc7 20. Qd2 Bd6 21. Nc3 Qf7 22. Rad1 g5 23. Bg3 Bxg3 24. hxg3 Nb6 25. Qd4 Re8 26. Rde1 Rc8 27. Nb5 Qe6 28. Rc1 Nc4 29. Nxa7 Qd6 30. f4 Rd8 31. Nb5 Qd7 32. fxg5 Nxg4 33. gxh6 Ngxe3 34. Qxg7+ Qxg7 35. hxg7 Kxg7 36. Rf4 Kg6 37. Rc3 Nf5 38. Rd3 Ne5 39. Rd2 Nxg3 40. Nc3 Nh5 41. Rg2+ Kh6 42. Rf5 d4 43. Rxe5 dxc3 44. Rc2 Rd3 45. Rc5 Nf4 46. Kf2 Rd2+ 47. Kf3 Rxc2 48. Kxf4 Rc1 49. Ke3 Kg6 50. Kd3 Kf6 51. Rxc3 Rxc3+ 52. Kxc3 Ke6 53. Kc4 Kd6 54. Kb5 Kc7 55. Kc5 b6+ 56. Kb5 Kb7 57. a4 Ka7 58. Kc6 Ka6 59. b5+ Ka7 60. Kc7 Ka8 61. Kxb6 Kb8 62. Ka6 Ka8 63. b6 Kb8 64. b7 Kc7 65. Ka7 1-0

[Event "Hampshire Open"]
[Site "Fareham"]
[Date "2023.11.03"]
[Round "1.10"]
[White "Knight, Colin B"]
[Black "Northcott, Paul"]
[Result "0-1"]
[WhiteElo "1710"]
[BlackElo "1891"]
[PlyCount "52"]
[EventDate "2023.11.03"]
[EventType "swiss"]
[EventRounds "6"]
[EventCountry "ENG"]
[SourceTitle "BritBase"]
[Source "John Saunders"]
[SourceDate "2025.02.10"]
[SourceVersion "1"]
[SourceVersionDate "2025.02.10"]
[SourceQuality "1"]

1. e4 e5 2. Nf3 Nc6 3. Bc4 Bc5 4. O-O Nf6 5. d3 d6 6. h3 Be6 7. Bb5 O-O 8. Bg5 Qc8 9. Kh2 Ne7 10. Nc3 a6 11. Bc4 c6 12. Bxf6 gxf6 13. Bxe6 Qxe6 14. Nh4 Kh8 15. f4 f5 16. Qf3 Qf6 17. g3 Bd4 18. Kh1 Rg8 19. Ne2 exf4 20. Nxf4 Rg5 21. Ne2 Rag8 22. Nxf5 Nxf5 23. Nxd4 Nxg3+ 24. Kh2 Nxf1+ 25. Rxf1 Qxd4 26. c3 Rg2+ 0-1

[Event "Hampshire Open"]
[Site "Fareham"]
[Date "2023.11.03"]
[Round "1.11"]
[White "Pradhan, Abhishek"]
[Black "Moore, Gillian A"]
[Result "1-0"]
[WhiteElo "1884"]
[BlackElo "1702"]
[PlyCount "74"]
[EventDate "2023.11.03"]
[EventType "swiss"]
[EventRounds "6"]
[EventCountry "ENG"]
[SourceTitle "BritBase"]
[Source "John Saunders"]
[SourceDate "2025.02.10"]
[SourceVersion "1"]
[SourceVersionDate "2025.02.10"]
[SourceQuality "1"]

1. d4 d5 2. c4 Nc6 3. Nc3 dxc4 4. Nf3 Bg4 5. e3 Nf6 6. Bxc4 e6 7. O-O Be7 8. a3 h6 9. b4 O-O 10. Bb2 Nd5 11. Rc1 Rc8 12. h3 Bh5 13. Be2 Bf6 14. Ne4 g5 15. Nfd2 Bxe2 16. Qxe2 Bg7 17. Nc5 b6 18. Nxe6 fxe6 19. Rxc6 Qd7 20. Rfc1 Qf7 21. Qf3 Qxf3 22. Nxf3 Kf7 23. Nd2 Ke7 24. Ne4 Kd7 25. R6c2 Rf7 26. Nc3 Nxc3 27. Bxc3 Bf8 28. Kf1 Bd6 29. Ke2 Rcf8 30. f3 h5 31. Rh1 h4 32. Bd2 Rg8 33. e4 Rfg7 34. Rhc1 Rc8 35. a4 Rgg8 36. b5 Bf4 37. Be3 Rg7 {... x moves (illegible)} 1-0

[Event "Hampshire Open"]
[Site "Fareham"]
[Date "2023.11.03"]
[Round "1.12"]
[White "Spirling, Florence"]
[Black "Thorburn, Richard"]
[Result "1/2-1/2"]
[WhiteElo "1624"]
[BlackElo "1871"]
[PlyCount "56"]
[EventDate "2023.11.03"]
[EventType "swiss"]
[EventRounds "6"]
[EventCountry "ENG"]
[SourceTitle "BritBase"]
[Source "John Saunders"]
[SourceDate "2025.02.10"]
[SourceVersion "1"]
[SourceVersionDate "2025.02.10"]
[SourceQuality "1"]

1. d4 Nf6 2. Nf3 d5 3. Bf4 c5 4. c3 Qb6 5. Qb3 c4 6. Qxb6 axb6 7. Bxb8 Rxb8 8. e3 Ra8 9. Nbd2 Bf5 10. Be2 e6 11. O-O Bd6 12. Nh4 Bg6 13. Nxg6 hxg6 14. g3 b5 15. a3 Ke7 16. Kg2 Nd7 17. e4 dxe4 18. Nxe4 Nb6 19. Nxd6 Kxd6 20. Bf3 Nd5 21. Bxd5 Kxd5 22. Rfe1 f6 23. Re2 g5 24. f3 Rh6 25. Rae1 Re8 26. Rd1 Reh8 27. Rh1 Rh5 28. Re3 g6 1/2-1/2

[Event "Hampshire Open"]
[Site "Fareham"]
[Date "2023.11.04"]
[Round "2.1"]
[White "Cordner, David A"]
[Black "Cave, Iwan"]
[Result "0-1"]
[WhiteElo "1949"]
[BlackElo "2212"]
[PlyCount "64"]
[EventDate "2023.11.03"]
[EventType "swiss"]
[EventRounds "6"]
[EventCountry "ENG"]
[SourceTitle "BritBase"]
[Source "John Saunders"]
[SourceDate "2025.02.10"]
[SourceVersion "1"]
[SourceVersionDate "2025.02.10"]
[SourceQuality "1"]

1. d4 Nf6 2. Bg5 e6 3. Nf3 d5 4. e3 Be7 5. c4 h6 6. Bxf6 Bxf6 7. cxd5 exd5 8. Nc3 O-O 9. Bd3 c5 10. dxc5 Bxc3+ 11. bxc3 Qa5 12. O-O Qxc5 13. Qb3 Nc6 14. Nd4 a6 15. Nxc6 Qxc6 16. Rad1 Be6 17. Bb1 Rac8 18. f4 f5 19. Qb4 Rc7 20. Rd3 Rfc8 21. Bc2 Qc4 22. Bb1 Qxb4 23. cxb4 Rc1 24. Rdd1 R1c4 25. a3 Rc3 26. Ba2 Rxa3 27. Bxd5 Bxd5 28. Rxd5 Rc2 29. Kh1 Rxe3 30. h3 Ree2 31. Rg1 Rb2 32. Rxf5 Rxb4 0-1

[Event "Hampshire Open"]
[Site "Fareham"]
[Date "2023.11.04"]
[Round "2.2"]
[White "Pye, David E"]
[Black "Schell, Finn"]
[Result "1-0"]
[WhiteElo "2141"]
[BlackElo "1918"]
[PlyCount "61"]
[EventDate "2023.11.03"]
[EventType "swiss"]
[EventRounds "6"]
[EventCountry "ENG"]
[SourceTitle "BritBase"]
[Source "John Saunders"]
[SourceDate "2025.02.10"]
[SourceVersion "1"]
[SourceVersionDate "2025.02.10"]
[SourceQuality "1"]

1. e4 c6 2. Nf3 d5 3. d3 dxe4 4. dxe4 Qxd1+ 5. Kxd1 Nf6 6. Nbd2 g6 7. Ne5 Bh6 8. f3 Be6 9. Nb3 Bxc1 10. Kxc1 Bxb3 11. axb3 Nbd7 12. Nd3 a6 13. g3 Nh5 14. Bh3 e6 15. c3 f5 16. e5 Kf7 17. f4 Ng7 18. Kc2 Ne8 19. Rad1 Nc7 20. Bg2 Nd5 21. Rhe1 Rhd8 22. c4 Nc7 23. Rd2 a5 24. Red1 Na6 25. Ra1 Ndc5 26. Nxc5 Nxc5 27. Rxd8 Rxd8 28. Rxa5 Rd2+ 29. Kxd2 Nxb3+ 30. Kc3 Nxa5 31. b4 1-0

[Event "Hampshire Open"]
[Site "Fareham"]
[Date "2023.11.04"]
[Round "2.3"]
[White "Hasson, Peter"]
[Black "Pradhan, Abhishek"]
[Result "1/2-1/2"]
[WhiteElo "2077"]
[BlackElo "1884"]
[PlyCount "119"]
[EventDate "2023.11.03"]
[EventType "swiss"]
[EventRounds "6"]
[EventCountry "ENG"]
[SourceTitle "BritBase"]
[Source "John Saunders"]
[SourceDate "2025.02.10"]
[SourceVersion "1"]
[SourceVersionDate "2025.02.10"]
[SourceQuality "1"]

1. c4 f5 2. g3 Nf6 3. Bg2 g6 4. Nc3 Bg7 5. d4 d6 6. Nh3 O-O 7. d5 Bd7 8. O-O Na6 9. Be3 Qc8 10. Qd2 Ng4 11. Bd4 Ne5 12. b3 h6 13. f4 Ng4 14. Bxg7 Kxg7 15. Nf2 Nxf2 16. Rxf2 Qe8 17. Re1 Nc5 18. b4 Na4 19. Nxa4 Bxa4 20. e4 Bd7 21. Rfe2 fxe4 22. Bxe4 Qf7 23. Qc3+ Qf6 24. Re3 Rae8 25. Bf3 Qxc3 26. Rxc3 Rf7 27. c5 Rc8 28. Rec1 Rff8 29. Ra3 a6 30. Rac3 Bf5 31. Kf2 g5 32. g4 Bd7 33. f5 Kf6 34. Re1 Rb8 35. Ke3 Rfc8 36. Kd4 Rf8 37. Be2 Ra8 38. cxd6 cxd6 39. Rc7 Bc8 40. Bd1 Rf7 41. Rc3 Bd7 42. Ree3 Rff8 43. Rc7 Rfd8 44. Rxb7 Rab8 45. Rxb8 Rxb8 46. a3 Rb6 47. Rh3 Kg7 48. Rc3 Rb7 49. Be2 Ra7 50. Bc4 Kf6 51. Rh3 Kg7 52. Bb3 Rb7 53. Bc2 Rb6 54. Rc3 Rb7 55. Bb3 Ra7 56. Rc2 Kf6 57. Rb2 Ra8 58. Rb1 Ra7 59. Rh1 Ra8 60. h4 {White had under 20 seconds left when draw agreed.} 1/2-1/2

[Event "Hampshire Open"]
[Site "Fareham"]
[Date "2023.11.04"]
[Round "2.4"]
[White "Northcott, Paul"]
[Black "Bird, Tom"]
[Result "1/2-1/2"]
[WhiteElo "1891"]
[BlackElo "2026"]
[PlyCount "93"]
[EventDate "2023.11.03"]
[EventType "swiss"]
[EventRounds "6"]
[EventCountry "ENG"]
[SourceTitle "BritBase"]
[Source "John Saunders"]
[SourceDate "2025.02.10"]
[SourceVersion "1"]
[SourceVersionDate "2025.02.10"]
[SourceQuality "1"]

1. e4 c6 2. Nc3 d5 3. Nf3 dxe4 4. Nxe4 Nf6 5. Qe2 Nxe4 6. Qxe4 Nd7 7. Bc4 Nf6 8. Ne5 e6 9. Qe2 b5 10. Bb3 Qc7 11. d4 Bd6 12. Bf4 O-O 13. Bg3 a5 14. c3 c5 15. dxc5 Qxc5 16. Rd1 Bc7 17. Ng4 Nxg4 18. Qxg4 f5 19. Qd4 Qxd4 20. Rxd4 Bxg3 21. hxg3 a4 22. Bc2 Bb7 23. f3 Rad8 24. Rhh4 Bd5 25. a3 e5 26. Rd2 g6 27. Bd3 Bc6 28. Rb4 Rb8 29. Be2 Kf7 30. c4 bxc4 31. Rxc4 Rb6 32. Bd1 Rfb8 33. Rd6 Be8 34. Rxb6 Rxb6 35. Rc2 Ke6 36. Rd2 Rd6 37. b3 Rxd2 38. Kxd2 axb3 39. Bxb3+ Kd6 40. Ke3 Kc5 41. g4 Bc6 42. gxf5 gxf5 43. g3 Bd7 44. Kd3 Bb5+ 45. Ke3 Bd7 46. Kd3 Bb5+ 47. Ke3 1/2-1/2

[Event "Hampshire Open"]
[Site "Fareham"]
[Date "2023.11.04"]
[Round "2.5"]
[White "Thorburn, Richard"]
[Black "Walker, Max"]
[Result "0-1"]
[WhiteElo "1871"]
[BlackElo "2087"]
[PlyCount "58"]
[EventDate "2023.11.03"]
[EventType "swiss"]
[EventRounds "6"]
[EventCountry "ENG"]
[SourceTitle "BritBase"]
[Source "John Saunders"]
[SourceDate "2025.02.10"]
[SourceVersion "1"]
[SourceVersionDate "2025.02.10"]
[SourceQuality "1"]

1. d4 d5 2. c4 e6 3. Nc3 Nf6 4. cxd5 exd5 5. Bg5 c6 6. e3 Bf5 7. Bd3 Bxd3 8. Qxd3 Be7 9. Nf3 Nbd7 10. O-O O-O 11. Rab1 a5 12. a3 Ne4 13. Bxe7 Qxe7 14. Rfc1 f5 15. Ne2 g5 16. b4 g4 17. Nd2 Ndf6 18. Nf1 Nd6 19. a4 axb4 20. Rxb4 Nfe4 21. Rcb1 Qh4 22. g3 Qh6 23. Nf4 Ng5 24. Qd1 Rf7 25. Nd3 Nf3+ 26. Kh1 Re8 27. Ne1 Ne4 28. R1b2 Qh3 29. Nxf3 gxf3 0-1

[Event "Hampshire Open"]
[Site "Fareham"]
[Date "2023.11.04"]
[Round "2.6"]
[White "Anderson, Thomas R"]
[Black "Deacon, Matthew"]
[Result "1-0"]
[WhiteElo "1894"]
[BlackElo "1893"]
[PlyCount "79"]
[EventDate "2023.11.03"]
[EventType "swiss"]
[EventRounds "6"]
[EventCountry "ENG"]
[SourceTitle "BritBase"]
[Source "John Saunders"]
[SourceDate "2025.02.10"]
[SourceVersion "1"]
[SourceVersionDate "2025.02.10"]
[SourceQuality "1"]

1. Nf3 d5 2. g3 g6 3. Bg2 Bg7 4. O-O Nf6 5. d4 O-O 6. c4 b6 7. cxd5 Nxd5 8. e4 Nf6 9. Nc3 Bb7 10. Re1 Na6 11. e5 Nd5 12. e6 Nxc3 13. exf7+ Rxf7 14. bxc3 Qf8 15. Bf4 Rxf4 16. gxf4 Qxf4 17. Qd2 Qd6 18. Ne5 Bxg2 19. Kxg2 c5 20. Qe2 Nc7 21. Rad1 e6 22. Qe4 Rf8 23. Rd3 Nd5 24. Rf3 Rf5 25. c4 cxd4 26. Rxf5 gxf5 27. Qxd4 Qb4 28. Re2 Nc3 29. Rd2 Ne4 30. Qd8+ Qf8 31. Qxf8+ Kxf8 32. Rd8+ Ke7 33. Nc6+ Kf6 34. Nxa7 Nc3 35. Nc8 Nxa2 36. Nxb6 Nb4 37. c5 Bh6 38. Rd7 Bf8 39. Rxh7 Bxc5 40. Nd7+ 1-0

[Event "Hampshire Open"]
[Site "Fareham"]
[Date "2023.11.04"]
[Round "2.7"]
[White "Marsh, Roger DW"]
[Black "Spirling, Florence"]
[Result "1-0"]
[WhiteElo "1940"]
[BlackElo "1624"]
[PlyCount "117"]
[EventDate "2023.11.03"]
[EventType "swiss"]
[EventRounds "6"]
[EventCountry "ENG"]
[SourceTitle "BritBase"]
[Source "John Saunders"]
[SourceDate "2025.02.10"]
[SourceVersion "1"]
[SourceVersionDate "2025.02.10"]
[SourceQuality "1"]

1. g3 d5 2. Bg2 Nf6 3. Nf3 c5 4. O-O Nc6 5. c4 d4 6. d3 g6 7. e3 Bg7 8. exd4 cxd4 9. a3 a5 10. b3 O-O 11. Ra2 e5 12. Re2 Re8 13. Qe1 Nd7 14. b4 axb4 15. axb4 f6 16. Bb2 Kf7 17. Na3 Bf8 18. c5 Ra4 19. b5 Nb4 20. Qd1 Nxc5 21. Ne1 Qa5 22. f4 Rxa3 23. fxe5 f5 24. Bxa3 Qxa3 25. Nc2 Nxc2 26. Qxc2 Qxd3 27. Bd5+ Be6 28. Qxd3 Nxd3 29. Bxb7 Bc4 30. e6+ Rxe6 31. Rc2 Bb3 32. Rc7+ Re7 33. b6 Nc5 34. Bc6 Rxc7 35. bxc7 Be6 36. Bd5 Bxd5 37. c8=Q d3 38. g4 Be6 39. Qc7+ Nd7 40. gxf5 gxf5 41. Rd1 Bc5+ 42. Kf1 Bb6 43. Qd6 Ba7 44. Rxd3 Bb8 45. Qc6 Ke7 46. Re3 Be5 47. h4 f4 48. Re1 Kf6 49. Kf2 Bd4+ 50. Kg2 Be5 51. Kf3 Nf8 52. h5 Nd7 53. Qa8 Ke7 54. Qb7 Kf6 55. h6 Bd6 56. Qb2+ Be5 57. Rxe5 Nxe5+ 58. Kxf4 Bg8 59. Qxe5+ 1-0

[Event "Hampshire Open"]
[Site "Fareham"]
[Date "2023.11.04"]
[Round "2.8"]
[White "Karasevics, Aleksandrs"]
[Black "Sandbrink, Kai"]
[Result "0-1"]
[WhiteElo "1798"]
[BlackElo "1870"]
[PlyCount "59"]
[EventDate "2023.11.03"]
[EventType "swiss"]
[EventRounds "6"]
[EventCountry "ENG"]
[SourceTitle "BritBase"]
[Source "John Saunders"]
[SourceDate "2025.02.10"]
[SourceVersion "1"]
[SourceVersionDate "2025.02.10"]
[SourceQuality "1"]

1. e4 c5 2. Nf3 e6 3. d4 cxd4 4. Nxd4 Nf6 5. Bd3 a6 6. O-O Bc5 7. Nb3 Ba7 8. Kh1 Nc6 9. Bg5 Ne5 10. Be2 h6 11. Bh4 Ng6 12. Bxf6 Qxf6 13. N1d2 d5 14. exd5 exd5 15. Bf3 Be6 16. c4 dxc4 17. Na5 O-O 18. Bxb7 Rab8 19. Ne4 Qf5 20. Nc6 Rxb7 21. Nd6 Qc5 22. Nxb7 Qxc6 23. Na5 Qb5 24. Qd2 Bc5 25. a3 Rb8 26. f4 Ne7 27. Rac1 Nf5 28. Qc3 Bd4 29. Qb4 Qxb4 30. axb4 {... x moves (illegible)} 0-1

[Event "Hampshire Open"]
[Site "Fareham"]
[Date "2023.11.04"]
[Round "2.9"]
[White "Hordnes, Niclas"]
[Black "Moore, John"]
[Result "1/2-1/2"]
[WhiteElo "1777"]
[BlackElo "1639"]
[PlyCount "31"]
[EventDate "2023.11.03"]
[EventType "swiss"]
[EventRounds "6"]
[EventCountry "ENG"]
[SourceTitle "BritBase"]
[Source "John Saunders"]
[SourceDate "2025.02.10"]
[SourceVersion "1"]
[SourceVersionDate "2025.02.10"]
[SourceQuality "1"]

1. e4 e6 2. d4 d5 3. Nd2 dxe4 4. Nxe4 Nd7 5. Nf3 Ngf6 6. Nxf6+ Nxf6 7. Bd3 Be7 8. c3 O-O 9. O-O b6 10. Bg5 Bb7 11. Qe2 Re8 12. Bxf6 Bxf6 13. Ne5 Bxe5 14. Qxe5 Qd5 15. Qxd5 Bxd5 16. a3 1/2-1/2

[Event "Hampshire Open"]
[Site "Fareham"]
[Date "2023.11.04"]
[Round "2.10"]
[White "Kirk, Matthew"]
[Black "Clancy, Martin J"]
[Result "0-1"]
[WhiteElo "1752"]
[BlackElo "1809"]
[PlyCount "54"]
[EventDate "2023.11.03"]
[EventType "swiss"]
[EventRounds "6"]
[EventCountry "ENG"]
[SourceTitle "BritBase"]
[Source "John Saunders"]
[SourceDate "2025.02.10"]
[SourceVersion "1"]
[SourceVersionDate "2025.02.10"]
[SourceQuality "1"]

1. d4 Nf6 2. c4 g6 3. Nc3 Bg7 4. e4 d6 5. h3 O-O 6. Nf3 e5 7. d5 a5 8. Bd3 Nbd7 9. Be3 b6 10. O-O Nc5 11. Bxc5 bxc5 12. Nb5 Nh5 13. Re1 Nf4 14. Kh2 g5 15. g4 h5 16. Rg1 hxg4 17. hxg4 f6 18. Bf1 Kf7 19. Rg3 Rh8+ 20. Kg1 Bd7 21. Nc3 Qc8 22. Ne1 Rh4 23. f3 Qh8 24. Bg2 Qh6 25. Kf2 Rh2 26. Ke3 Qh4 27. Kf2 Nh3+ 0-1